000 00357nam a2200157Ia 4500
003 Ost
005 20260225132540.0
008 260225s9999||||xx |||||||||||||| ||und||
040 _cfsic
041 _afre
082 _a330.9
100 _aMichel reunelli
_eAuteur
245 0 _aLe commerce international /
245 0 _cMichel reunelli
942 _cكتاب
999 _c33469
_d33469